000 02918nam0a2200433 4500
001 RU\NLR\BIBL_A\011453261
005 20260408125128.0
020 _aRU
_b6669(1)
_9Сводный каталог листовок первых лет Советской власти (25 октября (7 ноября) 1917 - 1925) Т.4 (Ч.1). Листовки советских, партийных, профсоюзных, комсомольских и других организаций губерний РСФСР
035 _a(NLR Aleph) 011453261
090 _a11764518
_c11764518
100 _a20170811d1919 |||y0rusy50 ca
101 0 _arus
102 _aRU
105 _ay z 000zy
135 _acrgn 008apada
200 1 _aПриказ всем уездным комиссиям по борьбе с дезертирством: [О добровольной явке дезертиров
_eлистовка]
210 _a[Меленки
_cб. и.
_d1919, нояб.]
215 _a1 с.
_d32х18
300 _aПодпись: предгубкомдезертир Исаев
300 _aПеред загл.: От Владимирской губ. комис. по борьбе с дезертирством
300 _aВ конце листовки: Согласно вышеупомянутого приказа Уездкомдезертир объявляет срок пятидневной добровольной явки... Меленковская уездная комиссия по борьбе с дезертирством. Правдел канцелярии Уездкомдезертир Абрамов
309 _aКопия
325 1 _aКопия доступна в Электронной библиотеке РНБ
517 1 _aО добровольной явке дезертиров
607 _aРСФСР
_jЛистовки
_xПолитика и управление
_y1917 - 1925
_92312782
_3RU\NLR\auth\6601609564
686 0 _aТ3(2)71-313,011
686 1 _aТ3(2Р-4Вл)712-3,011
702 1 _4720
_7ca
_8rus
_aИсаев
_bА.
_cучастник установления советской власти, Владимирская губ.
_9180225
_3RU\NLR\AUTH\770180276
702 1 _4720
_aАбрамов
_cучастник гражданской войны, правделканцелярии, г. Меленки
_9180116
_3RU\NLR\AUTH\770180167
710 0 2 _aВладимирская губернская комиссия по борьбе с дезертирством
_9568627
_3RU\NLR\AUTH\880452358
852 0 0 _aNLR
_bФЛ
_j20/24
942 _cBOOK
980 _aNB
981 2 1 _a(21) Листовки
_b(21) Листовки 1919 года